[Event "Let's Play Chess!"]
[Site "http://www.queenalice.com/game.php?id=54414"]
[Date "2006.2.23"]
[Round "-"]
[White "hojinjung"]
[Black "lastknight"]
[Result "0-1"]
[WhiteElo "1539"]
[BlackElo "1296"]

1. e4 d5 2. exd5 Qxd5 3. Nc3 Qa5 4. d4 Nf6 5. Bd2 Qb6 6. Bc1 Bg4 7. f3 g6 8.
fxg4 Qe6+ 9. Qe2 Qxg4 10. Qxg4 Nxg4 11. h3 Nf6 12. Bg5 Nbd7 13. Bxf6 Nxf6 14.
O-O-O Bg7 15. d5 O-O 16. Nf3 Rad8 17. Bc4 Rd6 18. Nb5 Rd7 19. Nxa7 Ne4 20. Bb5
Rd6 21. Bd3 Nf2 22. Nb5 Rd7 23. c4 Nxh1 24. Rxh1 c6 0-1

[Event "Let's Play Chess!"]
[Site "http://www.queenalice.com/game.php?id=54416"]
[Date "2006.2.23"]
[Round "-"]
[White "hojinjung"]
[Black "laskera"]
[Result "1-0"]
[WhiteElo "1464"]
[BlackElo "1293"]

1. e4 e5 2. Nf3 d6 3. Bc4 Bg4 4. h3 Bxf3 5. Qxf3 Qf6 6. Qxf6 Nxf6 7. d3 Be7 8.
Nc3 c6 9. Bg5 Nbd7 10. Bxf6 Nxf6 11. Bb3 Bd8 12. O-O Ba5 13. Ne2 O-O 14. c4 Bb6
15. Ng3 g6 16. a3 Bd4 17. Rab1 a5 18. Ne2 Bc5 19. Bc2 b6 20. b4 axb4 21. axb4
Bd4 22. Nxd4 exd4 23. Ra1 c5 24. b5 Nh5 25. Ra6 Rxa6 26. bxa6 Ra8 27. Ra1 Nf6
28. a7 Kf8 29. Bd1 Ke7 30. Bf3 d5 31. e5 Ne8 32. Bxd5 1-0

[Event "Let's Play Chess!"]
[Site "http://www.queenalice.com/game.php?id=54658"]
[Date "2006.2.25"]
[Round "-"]
[White "hojinjung"]
[Black "sergiogvh"]
[Result "0-1"]
[WhiteElo "1598"]
[BlackElo "2144"]

1. e4 e6 2. d4 d5 3. Nc3 Bb4 4. e5 c5 5. a3 Bxc3+ 6. bxc3 Ne7 7. Nf3 Bd7 8. Be3
Ba4 9. Qb1 Qc7 10. dxc5 Nd7 11. Qb4 Bxc2 12. Be2 Nc6 13. Qb2 Be4 14. O-O Bxf3
15. Bxf3 Ncxe5 16. Qe2 Nxf3+ 17. Qxf3 O-O 0-1

[Event "Let's Play Chess!"]
[Site "http://www.queenalice.com/game.php?id=54659"]
[Date "2006.2.25"]
[Round "-"]
[White "hojinjung"]
[Black "Re"]
[Result "1-0"]
[WhiteElo "1542"]
[BlackElo "885"]

1. e4 e6 2. d4 Nc6 3. Nf3 Bb4+ 4. c3 Bd6 5. e5 Be7 6. Bd3 d6 7. exd6 Bxd6 8. Be3
e5 9. dxe5 Nxe5 10. Nxe5 Bxe5 11. Bb5+ Bd7 12. Bxd7+ Qxd7 13. Qxd7+ Kxd7 14. O-O
Nf6 15. Na3 Ng4 16. Nc4 f6 17. Nxe5+ Nxe5 18. Rad1+ Ke6 19. Bd4 Nf3+ 20. gxf3 c6
21. Rfe1+ Kd5 22. Bxf6+ Kc5 23. Bxg7 Rhg8 24. Re7 Rae8 25. Rxe8 Rxe8 26. Bd4+
Kb5 27. Be3 a5 28. Rd7 Ka6 29. Rxh7 Kb5 30. Rxb7+ Ka6 31. Rb6+ Ka7 32. Rxc6+ Kb7
33. Rc5 Rc8 34. Rxc8 Kxc8 35. b4 a4 36. h4 Kb7 37. h5 Ka6 38. h6 Kb5 39. h7 a3
40. h8=Q Kc4 41. Qd4+ Kb5 42. Qc5+ Ka4 43. Qa5# 1-0

[Event "Let's Play Chess!"]
[Site "http://www.queenalice.com/game.php?id=54660"]
[Date "2006.2.25"]
[Round "-"]
[White "hojinjung"]
[Black "hulk"]
[Result "1-0"]
[WhiteElo "1476"]
[BlackElo "1548"]

1. d4 Nf6 2. c4 d5 3. e3 Nc6 4. Nf3 Bf5 5. Nc3 e6 6. c5 Nb4 7. Qa4+ Nc6 8. Ne5
Qe7 9. Nxc6 bxc6 10. Qxc6+ Qd7 11. Qxa8+ Ke7 12. Qxa7 Ne4 13. Nxe4 Bxe4 14. f3
Bc2 15. Kd2 Bg6 16. b4 c6 17. Qxd7+ Kxd7 18. Bd3 f5 19. a4 Be7 20. a5 Rb8 21.
Ba3 Ra8 22. Bb2 Kc7 23. Rhb1 Bf6 24. b5 cxb5 25. Bxb5 Rb8 26. a6 Ra8 27. a7 e5
28. dxe5 Be7 29. Bd4 f4 30. Rb3 Bg5 31. c6 fxe3+ 32. Bxe3 Be7 33. Be2 Kxc6 34.
Rb8 d4 35. Bxd4 Bg5+ 36. Ke1 Bh4+ 37. g3 Kc7 38. Rxa8 Kb7 39. Rb8+ Kc7 40. a8=Q
Be7 41. Ra7# 1-0

[Event "Let's Play Chess!"]
[Site "http://www.queenalice.com/game.php?id=54733"]
[Date "2006.2.25"]
[Round "-"]
[White "hojinjung"]
[Black "NoelMedina"]
[Result "0-1"]
[WhiteElo "1475"]
[BlackElo "1227"]

1. e4 c5 2. Nf3 Nc6 3. c3 d6 4. d4 cxd4 5. cxd4 a6 6. d5 Ne5 7. Nxe5 dxe5 8. Nc3
Nf6 9. Bc4 Qb6 10. O-O g6 11. Rb1 Bg7 12. Qb3 Qd4 13. Be3 b5 14. Bxd4 bxc4 15.
Qa4+ Bd7 16. Qxc4 exd4 17. Qxd4 O-O 18. e5 Ne8 19. f4 Nc7 20. Qe3 Nb5 21. Nxb5
Bxb5 22. Rfc1 Rac8 23. Rxc8 Rxc8 24. b3 Rc2 25. a4 Bd7 0-1

[Event "Let's Play Chess!"]
[Site "http://www.queenalice.com/game.php?id=54807"]
[Date "2006.2.26"]
[Round "-"]
[White "hojinjung"]
[Black "BVA"]
[Result "1-0"]
[WhiteElo "1439"]
[BlackElo "1526"]

1. e4 e5 2. Nf3 Nc6 3. Bc4 d6 4. d3 Bg4 5. h3 Bxf3 6. Qxf3 Nf6 7. O-O Be7 8. Bg5
O-O 9. c3 h6 10. Bxf6 Bxf6 11. b4 Bg5 12. Qe2 Qe7 13. Nd2 a5 14. b5 Na7 15. a4
c5 16. Nf3 Kh8 17. Nxg5 Qxg5 18. Qe3 Qxe3 19. fxe3 f6 20. Bd5 Nc8 21. Bxb7 Ra7
22. Bd5 Ne7 23. c4 f5 24. exf5 Nxd5 25. cxd5 Rff7 26. e4 Rf8 27. g4 Rc8 28. f6
Rf8 29. fxg7+ Kxg7 30. Rxf8 Kxf8 31. Rf1+ Kg8 32. Rf6 Rc7 33. Rxh6 Rg7 34. Rxd6
Kh7 35. Rc6 1-0

[Event "Let's Play Chess!"]
[Site "http://www.queenalice.com/game.php?id=54808"]
[Date "2006.2.26"]
[Round "-"]
[White "hojinjung"]
[Black "leduar"]
[Result "0-1"]
[WhiteElo "1485"]
[BlackElo "1593"]

1. e4 e5 2. Nf3 Nc6 3. Bc4 Nf6 4. Ng5 d5 5. exd5 Nxd5 6. Nxf7 Kxf7 7. Qf3+ Ke6
8. Nc3 Nb4 9. Bb3 a5 10. a3 Nxc2+ 11. Bxc2 Nxc3 12. Qxc3 Qd4 13. Qxd4 exd4 14.
O-O Bc5 15. d3 Kf7 16. Bf4 c6 17. Rfe1 Re8 18. Bb3+ Kf8 19. Rxe8+ Kxe8 20. Re1+
Kf8 21. Be6 Bxe6 22. Rxe6 Re8 23. Bd6+ Bxd6 0-1

[Event "Let's Play Chess!"]
[Site "http://www.queenalice.com/game.php?id=55076"]
[Date "2006.2.27"]
[Round "-"]
[White "hojinjung"]
[Black "MikeDoherty"]
[Result "0-1"]
[WhiteElo "1475"]
[BlackElo "2059"]

1. e4 e6 2. d4 d5 3. Nc3 Nf6 4. e5 Nfd7 5. Nf3 c5 6. Be3 Nc6 7. dxc5 Ndxe5 8.
Nxe5 Nxe5 9. Bd4 Nc6 10. Bb5 f6 11. Be3 Bd7 12. Bxc6 bxc6 13. O-O Qe7 14. f4 Qf7
15. b4 Be7 16. a3 O-O 17. Qd4 Qh5 18. Qd1 Qxd1 19. Raxd1 a5 20. Na4 axb4 21. Nb6
Rad8 22. Nxd7 Rxd7 23. axb4 Ra8 24. c3 Rda7 25. Bd4 Ra2 26. Rf2 Kf7 27. Rdd2
Rxd2 28. Rxd2 Ke8 29. Rb2 Kd7 30. Kf2 Rf8 31. Ke3 Ra8 32. g3 Bd8 0-1

[Event "Let's Play Chess!"]
[Site "http://www.queenalice.com/game.php?id=55093"]
[Date "2006.2.28"]
[Round "-"]
[White "hojinjung"]
[Black "maeaton"]
[Result "0-1"]
[WhiteElo "1540"]
[BlackElo "1929"]

1. e4 e5 2. Nf3 Nc6 3. Bc4 Nf6 4. d3 h6 5. O-O Bc5 6. c3 Bb6 7. b4 O-O 8. a4 a6
9. a5 Ba7 10. Re1 d6 11. h3 Be6 12. Bxe6 fxe6 13. Be3 Bxe3 14. fxe3 d5 15. exd5
exd5 16. Nbd2 e4 17. dxe4 dxe4 18. Nd4 Qe8 19. N2b3 Nxd4 20. Nxd4 Qf7 21. Qb3
Qxb3 22. Nxb3 Nd5 23. Rac1 b6 24. axb6 cxb6 25. Nd4 Rfc8 0-1

[Event "Let's Play Chess!"]
[Site "http://www.queenalice.com/game.php?id=55094"]
[Date "2006.2.28"]
[Round "-"]
[White "hojinjung"]
[Black "Reddaz"]
[Result "0-1"]
[WhiteElo "1628"]
[BlackElo "1855"]

1. e4 c5 2. Nf3 d6 3. c3 Nf6 4. d3 Nc6 5. Be3 Ng4 6. h3 Nxe3 7. fxe3 e5 8. Be2
Be7 9. O-O Bg5 10. Nxg5 Qxg5 11. Rf3 Ne7 12. Qf1 O-O 0-1

[Event "Let's Play Chess!"]
[Site "http://www.queenalice.com/game.php?id=55096"]
[Date "2006.2.28"]
[Round "-"]
[White "hojinjung"]
[Black "hd"]
[Result "1/2-1/2"]
[WhiteElo "1570"]
[BlackElo "1882"]

1. e4 e5 2. Nf3 Nc6 3. Bc4 Bc5 4. c3 Nf6 5. d3 d6 6. O-O O-O 7. a4 a6 8. b4 Ba7
9. Be3 Ne7 10. Bxa7 Rxa7 11. Nbd2 Ng6 12. Qb3 Ra8 13. a5 c6 14. Qa2 Nf4 15. Rfe1
Qd7 16. h3 Nxg2 17. Kxg2 Qxh3+ 18. Kg1 Ng4 19. Re2 1/2-1/2

[Event "Let's Play Chess!"]
[Site "http://www.queenalice.com/game.php?id=63387"]
[Date "2006.4.15"]
[Round "-"]
[White "younghunjung"]
[Black "hojinjung"]
[Result "0-1"]
[WhiteElo "1203"]
[BlackElo "1553"]

1. e4 e5 2. d4 exd4 3. c3 dxc3 4. Bc4 cxb2 5. Bxb2 d5 6. Bxd5 Nf6 7. Bxf7+ Kxf7
8. Qxd8 Bb4+ 9. Qd2 Bxd2+ 10. Nxd2 Nc6 11. Bxf6 gxf6 12. h3 Be6 13. Ngf3 h5 14.
O-O Rad8 15. Rfd1 Rd7 16. Nb3 b6 17. Rxd7+ Bxd7 18. Rd1 Rd8 0-1

[Event "Let's Play Chess!"]
[Site "http://www.queenalice.com/game.php?id=63388"]
[Date "2006.4.15"]
[Round "-"]
[White "hojinjung"]
[Black "younghunjung"]
[Result "1-0"]
[WhiteElo "1504"]
[BlackElo "1212"]

1. d4 e6 2. c4 d5 3. Nf3 Nc6 4. c5 Qf6 5. e3 e5 6. Nc3 Be6 7. Bb5 exd4 8. exd4
Bg4 9. Nxd5 Qe6+ 10. Ne3 O-O-O 11. Bxc6 Qxc6 12. Nxg4 Bxc5 13. Nge5 1-0

[Event "Let's Play Chess!"]
[Site "http://www.queenalice.com/game.php?id=63389"]
[Date "2006.4.15"]
[Round "-"]
[White "hojinjung"]
[Black "younghunjung"]
[Result "1-0"]
[WhiteElo "1498"]
[BlackElo "1212"]

1. e4 e6 2. d4 d5 3. Nc3 Bb4 4. e5 c5 5. a3 Bxc3+ 6. bxc3 c4 7. Nf3 f6 8. Bf4
Nc6 9. g3 h6 10. h4 g5 11. hxg5 fxg5 12. Bxg5 Qd7 13. Qd2 1-0

[Event "Let's Play Chess!"]
[Site "http://www.queenalice.com/game.php?id=63390"]
[Date "2006.4.15"]
[Round "-"]
[White "younghunjung"]
[Black "hojinjung"]
[Result "0-1"]
[WhiteElo "1205"]
[BlackElo "1551"]

1. d3 e5 2. e4 Nc6 3. Be3 Nf6 4. Nf3 d6 5. Be2 Be7 6. Nc3 Be6 7. O-O O-O 8. h3
h6 9. Re1 Qd7 10. Qd2 a6 11. a3 Rfe8 12. d4 exd4 13. Nxd4 Nxd4 14. Bxd4 c5 15.
Be3 b5 16. Bf3 Rad8 17. Rad1 b4 18. axb4 cxb4 0-1

[Event "Let's Play Chess!"]
[Site "http://www.queenalice.com/game.php?id=63392"]
[Date "2006.4.15"]
[Round "-"]
[White "younghunjung"]
[Black "hojinjung"]
[Result "0-1"]
[WhiteElo "1209"]
[BlackElo "1547"]

1. Nc3 d5 2. d4 Nc6 3. Nf3 Nf6 4. Bg5 e6 5. e4 Be7 6. e5 Nd7 7. Bxe7 Qxe7 8. Bb5
Ndb8 9. O-O O-O 10. Qd2 a6 11. Bd3 h6 12. Rfe1 Nd7 13. h3 Nb6 14. a3 Bd7 15. Qf4
Rac8 16. Ne2 f6 17. exf6 Rxf6 18. Qg3 Rcf8 0-1

[Event "Let's Play Chess!"]
[Site "http://www.queenalice.com/game.php?id=63393"]
[Date "2006.4.15"]
[Round "-"]
[White "younghunjung"]
[Black "hojinjung"]
[Result "0-1"]
[WhiteElo "1212"]
[BlackElo "1544"]

1. Nf3 d5 2. d3 Nc6 3. c3 e5 4. Bd2 Nf6 5. Bg5 h6 6. Bh4 Bd6 7. e4 dxe4 8. Bxf6
Qxf6 9. Nfd2 e3 10. fxe3 O-O 11. Nf3 Bg4 12. Be2 Bxf3 13. Bxf3 Nd8 14. O-O Qe7
15. Nd2 Ne6 16. Bxb7 Rab8 17. Qf3 e4 18. Qxe4 Nc5 0-1

[Event "Let's Play Chess!"]
[Site "http://www.queenalice.com/game.php?id=63394"]
[Date "2006.4.15"]
[Round "-"]
[White "younghunjung"]
[Black "hojinjung"]
[Result "0-1"]
[WhiteElo "1207"]
[BlackElo "1549"]

1. d4 Nf6 2. c4 g6 3. Nc3 Bg7 4. e4 d6 5. Nf3 O-O 6. Bd3 c6 7. Bg5 Nbd7 8. d5 c5
9. a4 a5 10. O-O Ne8 11. Qd2 b6 12. Nb5 Ba6 13. Bh6 Bxb5 14. axb5 Nef6 15. Bg5
Ng4 16. h3 Nge5 17. Qe2 Nxd3 18. Qxd3 Bxb2 0-1

[Event "Let's Play Chess!"]
[Site "http://www.queenalice.com/game.php?id=83602"]
[Date "2006.7.7"]
[Round "-"]
[White "hojinjung"]
[Black "MarcosT"]
[Result "0-1"]
[WhiteElo "1549"]
[BlackElo "1698"]

1. d4 c6 2. e4 d5 3. Nc3 dxe4 4. Nxe4 Nf6 5. Ng3 g6 6. c4 Bg7 7. Be3 O-O 8. Nf3
Re8 9. Be2 Bg4 10. O-O b6 11. h3 Bxf3 12. Bxf3 e6 13. Re1 Qc7 14. Rc1 Nbd7 15.
d5 exd5 16. cxd5 c5 17. d6 Qc8 18. Bxa8 Qxa8 19. Bf4 Rxe1+ 20. Qxe1 Nd5 21. Qe4
N7f6 22. Qf3 Qd8 0-1

[Event "Let's Play Chess!"]
[Site "http://www.queenalice.com/game.php?id=83604"]
[Date "2006.7.7"]
[Round "-"]
[White "hojinjung"]
[Black "sia"]
[Result "0-1"]
[WhiteElo "1526"]
[BlackElo "1272"]

1. e4 b6 2. d4 Bb7 3. Bd3 Nc6 4. d5 Ne5 5. c4 g6 6. f4 Nxd3+ 7. Qxd3 Bg7 8. Nc3
Nf6 9. e5 Ng8 10. Nf3 e6 11. d6 Bxf3 12. Qxf3 cxd6 13. Ne4 d5 14. Nd6+ Kf8 15.
cxd5 Ne7 16. dxe6 dxe6 17. Be3 Nd5 18. Bd4 Qd7 19. Rc1 Qa4 20. Rc4 Qxa2 21. O-O
Kg8 22. b4 Bf8 23. Ra1 Qd2 24. Rd1 Qxf4 25. Qxf4 Nxf4 26. Bxb6 Nd5 27. Bc5 Bxd6
28. Bxd6 Ne3 29. Rdc1 Nxc4 30. Rxc4 Kg7 31. Bc5 Rac8 32. Kf2 Rhd8 33. Ke3 Rd5
34. Re4 a5 35. Bd6 a4 0-1

[Event "Let's Play Chess!"]
[Site "http://www.queenalice.com/game.php?id=92334"]
[Date "2006.8.3"]
[Round "-"]
[White "hojinjung"]
[Black "diablero"]
[Result "0-1"]
[WhiteElo "1555"]
[BlackElo "1794"]

1. e4 c5 2. Nf3 e6 3. d4 cxd4 4. Nxd4 d6 5. Nc3 Nf6 6. f3 Be7 7. Be3 Nc6 8. g4
O-O 9. Qd2 d5 10. O-O-O Nxd4 11. Bxd4 dxe4 12. Bxf6 Bxf6 13. Nxe4 Qxd2+ 14. Rxd2
Be5 15. Kb1 b6 16. c3 Bf4 17. Rd3 Bb7 18. Bg2 Rfd8 19. Rhd1 Rxd3 20. Rxd3 Bxh2
21. Nd6 Rd8 0-1

[Event "Challenge"]
[Site "http://www.queenalice.com/game.php?id=96903"]
[Date "2006.8.18"]
[Round "-"]
[White "hojinjung"]
[Black "Marcelo_Araujo"]
[Result "0-1"]
[WhiteElo "1539"]
[BlackElo "1610"]

1. d4 e6 2. c4 Nf6 3. Nc3 Bb4 4. Qc2 Nc6 5. Nf3 b6 6. e4 d6 7. d5 exd5 8. exd5
Ne5 9. Nxe5 Qe7 10. Be3 Qxe5 11. Bd3 Bc5 12. O-O Bxe3 13. fxe3 Bb7 14. e4 Ng4
15. g3 Ne3 16. Qf2 Nxf1 17. Rxf1 O-O 18. Kh1 a6 19. Qf4 Qd4 0-1